役鬼
| 資料類型: | 圖書 | 書目號: | 34857 |
Leader xxxxxxxxxx 001 __ PCLIS00034857 005 __ 20041122092939.39 010 0_ |a957-|b平裝|dNT$ 020 __ |acw|b82005151 100 __ |a20041122d2004 0chib0109 e 101 0_ |achi 102 __ |acw 105 __ |aa z 000yy 200 1_ |a役鬼|e|f桑品載著|g 205 __ |a初版 210 __ |a臺北市|c皇冠|d民73年 215 0_ |a面|c圖, 表|d公分 225 1_ |a|v 300 __ |a 681 __ |a857.6|b 700 __ |a桑|b品載|4著 702 _1 |a|b|4 801 __ |acw|b本館|c20041122 |